000 00853nam0a22002891 4500
001 RU\NLR\INFOCOMM10\ROSSICA\1000002554
005 20250613184827.0
035 _a(NLR Aleph) 009874315
090 _a10440324
_c10440324
100 _a20030428f18731930|||y0rusy50 ca
101 0 _alav
102 _aRU
_aLV
105 _ay ||||000ay
200 1 _aStasts par Sergeju Petrowitschu
_fAndrejew, Leonid
_gJ.Jankaws tulkojuma
210 _aPeterburgâ
_aRigā
_ds.a.
215 _d
700 1 _9z01790
_aAndreev
_bL.N.
_f1871-1919
_gLeonid Nikolaevič
_4070
702 1 _aJankaws
_bJ.
_4570
790 1 _9z01700
_aAndrejew
_bL.
_gLeonid
_4070
801 1 _aRU
_bInfoComm
_c20030428
801 0 _aRU
_bNLR
_gPSBO
801 2 _aRU
_bNLR
_c20060523
_2rusmarc
852 _aNLR
_j27.11c.3.38 (ОНЛ)
942 _cBOOK
980 _aNB
980 _aRossica